| 000 | 00350nam a2200133Ia 4500 | ||
|---|---|---|---|
| 008 | 220217s9999||||xx |||||||||||||| ||und|| | ||
| 020 | _a0-632-020-18-0 | ||
| 082 | _a620.105 FEN | ||
| 100 |
_aFenner, Roger, T _97501 |
||
| 245 | 0 | _aMechanics of solids | |
| 260 |
_aCRC press _bFlorida _c1999 |
||
| 300 |
_aXVII,625 _b4314 |
||
| 650 | _aMECHANICS | ||
| 999 |
_c181102 _d181102 |
||